000 00557nam a22001817a 4500
999 _c148116
_d148116
005 20230706164137.0
010 _aENG-121933 ENG-137324
020 _c650.00
_a9788175557635
035 _aEN-105465 EN-120856
037 _bDBAD/PUB
082 _a215
100 _aArora, Neha
245 _aReligion and science /
_cby Neha Arora
260 _aNew Delhi
_bUniversity Publication
_c2016
270 _a22/4735 Prakash Deep Building, Ansari Road,Darya Ganj,New Delhi
_e110002
300 _a152p.
_c24cm(hb.)
942 _2ddc
_cEN
_h215
_mARO